|
|
|
|
| LEADER |
00000nab a2200000 a 4500 |
| 001 |
vtls000180407 |
| 003 |
SK-MaSNL |
| 005 |
20260303180307.0 |
| 008 |
111104c1984 xo 0 slo |
| 015 |
|
|
|a SNBRB19rr/mm-uuuuu
|
| 035 |
|
|
|a CL0190520
|
| 040 |
|
|
|a SNKBUCL
|b slo
|c SNKBUCL
|e AACR2
|
| 041 |
0 |
|
|a slo
|
| 044 |
|
|
|a xo
|c SK
|
| 080 |
|
|
|a 82.09:882-3(08)(048)
|2 1981
|
| 080 |
|
|
|a 882-3(08)(048)
|2 1981
|
| 100 |
1 |
|
|a Gašparovičová, Alena
|4 aut
|9 268583
|
| 245 |
1 |
0 |
|a Sci-fi v antológii
|c Alena Gašparovičová ; Hilda Holinová
|
| 650 |
0 |
7 |
|a antológie literárne
|2 snkbucl
|9 382871
|
| 650 |
0 |
7 |
|a poviedky vedecko-fantastické
|2 snkbucl
|9 315525
|
| 650 |
0 |
7 |
|a sovietska literatúra
|2 snkbucl
|9 22300
|
| 650 |
0 |
7 |
|a literatúra vedecko-fantastická
|2 snkbucl
|9 859091
|
| 655 |
|
7 |
|a články z novín a časopisov
|2 snkbucl
|9 267496
|
| 655 |
|
7 |
|a články z odboru literárna veda a krásna literatúra
|2 snkbucl
|9 770045
|
| 700 |
1 |
|
|a Holinová, Hilda,
|d 1934-2013
|4 aut
|9 86585
|
| 773 |
0 |
|
|t Pravda
|g Roč. 65, č. 86 (10. 4. 1984), s. 5
|
| 787 |
0 |
8 |
|i Rec.:
|a Holinová, Hilda
|t Trinásťkrát Sci-fi
|d Bratislava : Smena, 1983
|
| 850 |
|
|
|a Slovenská národná knižnica v Martine
|a MTA001
|
| 852 |
|
|
|a SNK
|b KIS3GCP
|
| 958 |
|
|
|a RK
|
| 958 |
|
|
|a LX
|
| 992 |
|
|
|a RBX
|
| 999 |
|
|
|c 2105620
|d 2107550
|